[Event "Labour Day op"]
[Site "Victoria CAN"]
[Date "2003.08.31"]
[Round "4"]
[White "Englemann, Eric"]
[Black "Raymer, Evan"]
[Result "1-0"]
[WhiteElo "1368"]
[BlackElo "1469"]
[PlyCount "101"]
[EventDate "2003.08.30"]
[EventType "swiss"]
[EventRounds "6"]
[EventCountry "CAN"]

1. e4 e5 2. Nf3 Nc6 3. d4 exd4 4. Nxd4 Bc5 5. c3 Qf6 6. Be3 Nge7 7. b4 Nxd4 8.
bxc5 Ndc6 9. Bd4 Nxd4 10. Qxd4 Qg5 11. Qe3 Qxe3+ 12. fxe3 b6 13. cxb6 axb6 14.
Bc4 Bb7 15. Nd2 O-O 16. O-O Ra4 17. Bb5 Ra3 18. Rfc1 d6 19. Bd3 Rfa8 20. Rc2
Ng6 21. Nc4 R3a4 22. Rb2 Ne5 23. Nxe5 dxe5 24. Rd2 f5 25. Bc2 Rxa2 26. Rxa2
Rxa2 27. Bb3+ Kf8 28. Bxa2 Bxe4 29. Rd7 c5 30. Rf7+ Ke8 31. Rxg7 b5 32. c4 b4
33. Rc7 Bc2 34. Rb7 h5 35. Kf2 f4 36. Ke2 Be4 37. Rc7 Bc2 38. Rb7 Be4 39. Rb6
Kd7 40. g3 Bc2 41. Kd2 Ba4 42. Ra6 Bc6 43. Bb1 e4 44. Bc2 Kc7 45. Ba4 Bb7 46.
Rh6 Bc8 47. Rxh5 Kb6 48. Rh6+ Ka5 49. Bb5 Bb7 50. Rf6 Bc8 51. h4 1-0

[Event "Labour Day op"]
[Site "Victoria CAN"]
[Date "2003.08.31"]
[Round "4"]
[White "Goutor, Valentina"]
[Black "Sauve, Ron"]
[Result "1/2-1/2"]
[WhiteElo "1966"]
[BlackElo "1797"]
[PlyCount "48"]
[EventDate "2003.08.30"]
[EventType "swiss"]
[EventRounds "6"]
[EventCountry "CAN"]

1. e4 c5 2. Nf3 Nc6 3. Bb5 g6 4. O-O Bg7 5. Re1 e5 6. Bxc6 dxc6 7. d3 Nh6 8.
Nc3 Bg4 9. h3 Bxf3 10. Qxf3 O-O 11. Be3 Qe7 12. Qg3 f6 13. h4 Nf7 14. h5 g5 15.
Qh3 h6 16. Ne2 b6 17. Ng3 Rfd8 18. Nf5 Qd7 19. Qf3 Nd6 20. Nxd6 Qxd6 21. Qf5
Qd7 22. Qxd7 Rxd7 23. g4 Bf8 24. a4 a5 1/2-1/2

[Event "Labour Day op"]
[Site "Victoria CAN"]
[Date "2003.08.31"]
[Round "4"]
[White "Moore, Harry"]
[Black "Wu, Howard"]
[Result "1-0"]
[WhiteElo "2268"]
[BlackElo "2209"]
[PlyCount "127"]
[EventDate "2003.08.30"]
[EventType "swiss"]
[EventRounds "6"]
[EventCountry "CAN"]

1. d4 Nf6 2. c4 c5 3. Nf3 cxd4 4. Nxd4 Nc6 5. Nc3 g6 6. e4 Nxd4 7. Qxd4 d6 8.
Be2 Bg7 9. Bg5 O-O 10. Qd2 Be6 11. Rc1 Rc8 12. b3 a6 13. f3 Qa5 14. Nd5 Qxd2+
15. Kxd2 Bxd5 16. cxd5 Rfe8 17. Rc4 Rxc4 18. bxc4 Nd7 19. Rb1 b6 20. Be3 Rb8
21. f4 Kf8 22. g4 Ke8 23. h4 Nf6 24. Bf3 Nd7 25. Be2 Nf6 26. Kd3 Nd7 27. Bd4
Bxd4 28. Kxd4 e5+ 29. dxe6 fxe6 30. Ke3 Ke7 31. g5 Rf8 32. Rf1 a5 33. h5 Nc5
34. Bg4 Nd7 35. Rh1 Rf7 36. Rh2 Nf8 37. Bd1 e5 38. fxe5 dxe5 39. hxg6 hxg6 40.
Rb2 Rf1 41. Be2 Re1 42. Rxb6 Ne6 43. Rb5 Nxg5 44. Rxe5+ Kf6 45. Rxa5 Nxe4 46.
Kxe4 Rxe2+ 47. Kd3 Re1 48. Ra8 g5 49. Rf8+ Ke7 50. Rf5 Ra1 51. Rxg5 Rxa2 52.
Rd5 Ke6 53. Kc3 Ra1 54. Kb4 Ra8 55. Rd4 Rb8+ 56. Kc5 Rc8+ 57. Kb6 Rb8+ 58. Kc7
Rb4 59. Rd6+ Ke7 60. c5 Ra4 61. Rd7+ Ke8 62. c6 Ra1 63. Rd2 Ra8 64. Re2+ 1-0

[Event "Labour Day op"]
[Site "Victoria CAN"]
[Date "2003.08.31"]
[Round "4"]
[White "Scoones, Dan"]
[Black "Stanford, Mike"]
[Result "1/2-1/2"]
[WhiteElo "2308"]
[BlackElo "2182"]
[PlyCount "100"]
[EventDate "2003.08.30"]
[EventType "swiss"]
[EventRounds "6"]
[EventCountry "CAN"]

1. Nf3 Nf6 2. c4 c5 3. Nc3 e6 4. g3 b6 5. Bg2 Bb7 6. O-O d6 7. d4 cxd4 8. Qxd4
a6 9. e4 Nc6 10. Qe3 Qc7 11. b3 Be7 12. Rd1 O-O 13. Bb2 Ne5 14. Nd4 Rfd8 15.
Rac1 Rac8 16. Qe2 Nc6 17. Nc2 Qb8 18. Ne3 Na7 19. Rd2 b5 20. cxb5 axb5 21. b4
Qa8 22. f3 d5 23. exd5 Nxd5 24. Nexd5 Bxd5 25. Nxd5 Rxd5 26. f4 Rxc1+ 27. Bxc1
Rxd2 28. Qxd2 Qc8 29. Bb2 Qc7 30. Qc3 Qxc3 31. Bxc3 Bf6 32. Bxf6 gxf6 33. Kf2
Kf8 34. Ke3 Ke7 35. Kd4 Kd6 36. Kc3 f5 37. Bf1 f6 38. Bd3 Kd5 39. Bc2 h6 40.
Bb3+ Kd6 41. a4 e5 42. axb5 Nxb5+ 43. Kd3 e4+ 44. Ke3 Nc3 45. h3 h5 46. Bf7
Nd5+ 47. Kd4 Nxb4 48. Bxh5 Nc2+ 49. Kc3 Ne3 50. Kd4 Nc2+ 1/2-1/2

[Event "Labour Day op"]
[Site "Victoria CAN"]
[Date "2003.09.01"]
[Round "5"]
[White "Aquino, Manfrei"]
[Black "Yip, Michael"]
[Result "1/2-1/2"]
[WhiteElo "1981"]
[BlackElo "2127"]
[PlyCount "156"]
[EventDate "2003.08.30"]
[EventType "swiss"]
[EventRounds "6"]
[EventCountry "CAN"]

1. d4 d5 2. c4 e6 3. Nc3 c6 4. Nf3 dxc4 5. a4 Bb4 6. e3 b5 7. Ne5 Bb7 8. axb5
cxb5 9. Qh5 Qe7 10. Nxf7 Qxf7 11. Qxb5+ Nc6 12. Bxc4 O-O-O 13. O-O Nf6 14. Rb1
Qc7 15. Bxe6+ Kb8 16. Bd2 Bd6 17. h3 Rhe8 18. Bc4 g5 19. Ra1 g4 20. h4 Nb4 21.
Rxa7 Qc6 22. Ra8+ Kc7 23. Qxc6+ Nxc6 24. Nb5+ Kd7 25. Rxd8+ Rxd8 26. Nxd6 Kxd6
27. f3 Re8 28. Kf2 gxf3 29. gxf3 Re7 30. b4 Rd7 31. b5 Ne7 32. Bb4+ Kc7 33. Be6
Ned5 34. Ba5+ Kd6 35. Bxd7 Kxd7 36. Rc1 Ne8 37. e4 Nf4 38. Ke3 Ng2+ 39. Kf2 Nf4
40. Rd1 Nd6 41. Rb1 Nc4 42. Bb4 h5 43. Bc5 Kd8 44. Bf8 Kd7 45. Bh6 Ne6 46. Be3
Na3 47. Rb3 Nc4 48. d5 Nc7 49. b6 Ne8 50. Bd4 Ned6 51. Rc3 Ba6 52. e5 Nf5 53.
e6+ Kc8 54. Bf6 Kb7 55. Bd8 Bb5 56. e7 Ncd6 57. Rc1 Ba4 58. Ra1 Bb5 59. Rg1 Be8
60. Bc7 Bf7 61. Bxd6 Nxd6 62. Rg7 Be8 63. Rg8 Kxb6 64. Ke3 Bf7 65. Rd8 Kc5 66.
Rf8 Be8 67. Rxe8 Nxe8 68. Ke4 Kd6 69. Kf5 Kxd5 70. Kg6 Ke6 71. Kxh5 Kf5 72. Kh6
Kf6 73. h5 Nd6 74. Kh7 Kf7 75. h6 Ne8 76. f4 Nd6 77. f5 Ne8 78. f6 Nd6 1/2-1/2

[Event "Labour Day op"]
[Site "Victoria CAN"]
[Date "2003.09.01"]
[Round "5"]
[White "Churchill, Greg"]
[Black "Scoones, Dan"]
[Result "1/2-1/2"]
[WhiteElo "1866"]
[BlackElo "2308"]
[PlyCount "40"]
[EventDate "2003.08.30"]
[EventType "swiss"]
[EventRounds "6"]
[EventCountry "CAN"]

1. e4 d5 2. exd5 Nf6 3. Nc3 Nxd5 4. Bc4 Nb6 5. Bb3 Nc6 6. Nf3 g6 7. O-O Bg7 8.
d3 O-O 9. h3 Na5 10. Bg5 h6 11. Bf4 Nxb3 12. axb3 Nd5 13. Nxd5 Qxd5 14. Qd2 g5
15. Bxc7 Bxh3 16. Ra5 Qc6 17. Be5 b6 18. Bxg7 Kxg7 19. Ra4 f6 20. Re4 Bd7
1/2-1/2

[Event "Labour Day op"]
[Site "Victoria CAN"]
[Date "2003.09.01"]
[Round "5"]
[White "Jeffery, Jack"]
[Black "Goutor, Valentina"]
[Result "0-1"]
[WhiteElo "1733"]
[BlackElo "1966"]
[PlyCount "74"]
[EventDate "2003.08.30"]
[EventType "swiss"]
[EventRounds "6"]
[EventCountry "CAN"]

1. e4 c5 2. Nf3 d6 3. Bd3 g6 4. c3 Bg7 5. Bc2 Nc6 6. h3 e5 7. O-O Nge7 8. d3
O-O 9. Nbd2 b5 10. Re1 b4 11. Nf1 a5 12. a4 Be6 13. Be3 bxc3 14. bxc3 Qc7 15.
Qd2 Rab8 16. Reb1 Rxb1 17. Rxb1 Rb8 18. Rxb8+ Qxb8 19. Bh6 Qb2 20. Bxg7 Kxg7
21. Ne3 Bb3 22. Qd1 Bxc2 23. Qxc2 Qxc2 24. Nxc2 Nc8 25. d4 cxd4 26. cxd4 Nb6
27. d5 Nd8 28. Na3 Nxa4 29. Nc4 Nb7 30. Nfd2 Nc3 31. f3 a4 32. Kf2 Nc5 33. Ke3
Nb5 34. Nb1 f5 35. Nba3 Nxa3 36. Nxa3 fxe4 37. fxe4 h5 0-1

[Event "Labour Day op"]
[Site "Victoria CAN"]
[Date "2003.09.01"]
[Round "5"]
[White "Raymer, Elliot"]
[Black "Caluza, Juni"]
[Result "1-0"]
[WhiteElo "1308"]
[BlackElo "1792"]
[PlyCount "68"]
[EventDate "2003.08.30"]
[EventType "swiss"]
[EventRounds "6"]
[EventCountry "CAN"]

1. e4 c6 2. d4 d5 3. Nc3 Nf6 4. Bd3 Qb6 5. e5 Nfd7 6. Nf3 e6 7. a3 c5 8. Be3
cxd4 9. Bxd4 Bc5 10. Bxc5 Nxc5 11. Nb5 O-O 12. b4 Ncd7 13. Nd6 Nxe5 14. Nxe5
Qxd6 15. Qh5 f5 16. f4 Nd7 17. Nxd7 Bxd7 18. O-O Rf6 19. Rf3 d4 20. Qh4 Rh6 21.
Qf2 Bc6 22. Rg3 Rc8 23. Rd1 Ba4 24. Rd2 Rd8 25. Bc4 Kh8 26. Rgd3 e5 27. fxe5
Qxe5 28. Rxd4 Qxh2+ 29. Kf1 Re8 30. Rd8 Qc7 31. Qd4 Rh1+ 32. Kf2 Qe7 33. Rxe8+
Bxe8 34. Re2 Qd7 1-0

[Event "Labour Day op"]
[Site "Victoria CAN"]
[Date "2003.09.01"]
[Round "5"]
[White "Stanford, Mike"]
[Black "Moore, Harry"]
[Result "1/2-1/2"]
[WhiteElo "2182"]
[BlackElo "2268"]
[PlyCount "66"]
[EventDate "2003.08.30"]
[EventType "swiss"]
[EventRounds "6"]
[EventCountry "CAN"]

1. e4 e6 2. d4 d5 3. e5 c5 4. c3 Nc6 5. Nf3 Bd7 6. a3 Nge7 7. Bd3 cxd4 8. cxd4
Qb6 9. Bc2 Nf5 10. Bxf5 exf5 11. Nc3 Be6 12. b4 Be7 13. Qd3 Rc8 14. Bd2 h6 15.
h4 Nb8 16. h5 Rc4 17. Ne2 Nc6 18. Bc3 Bg5 19. Nd2 Bxd2+ 20. Qxd2 Qd8 21. b5 Ne7
22. a4 O-O 23. Bb4 Qd7 24. O-O Re8 25. Rfc1 Rxc1+ 26. Rxc1 a6 27. Bxe7 Qxe7 28.
bxa6 bxa6 29. Qa5 Qb7 30. Nf4 Qb2 31. Qc3 Qb8 32. Qa5 Qb2 33. Qc3 Qb8 1/2-1/2

[Event "Labour Day op"]
[Site "Victoria CAN"]
[Date "2003.09.01"]
[Round "5"]
[White "Wu, Howard"]
[Black "Goutor, Evgeni"]
[Result "1-0"]
[WhiteElo "2209"]
[BlackElo "1827"]
[PlyCount "73"]
[EventDate "2003.08.30"]
[EventType "swiss"]
[EventRounds "6"]
[EventCountry "CAN"]

1. e4 c5 2. Nf3 d6 3. d4 cxd4 4. Nxd4 Nf6 5. Nc3 g6 6. Be2 Bg7 7. O-O O-O 8.
Bg5 Nc6 9. Nb3 Be6 10. Kh1 Rc8 11. f4 a6 12. Qd2 b5 13. Bf3 Qc7 14. Nd5 Bxd5
15. exd5 Nd8 16. c3 Re8 17. Rad1 Qb6 18. Rfe1 h6 19. Bh4 Kf8 20. Nd4 Nd7 21.
Qe3 e5 22. dxe6 Nxe6 23. Nxe6+ Rxe6 24. Qxb6 Rxe1+ 25. Qg1 Rxg1+ 26. Kxg1 b4
27. Rxd6 bxc3 28. bxc3 Nc5 29. c4 Ne6 30. Bd5 Nxf4 31. Rxa6 Bd4+ 32. Kf1 Rb8
33. Ra8 Rxa8 34. Bxa8 f6 35. Bg3 g5 36. Bxf4 gxf4 37. Ke1 1-0

[Event "Labour Day op"]
[Site "Victoria CAN"]
[Date "2003.09.01"]
[Round "6"]
[White "Chan, James"]
[Black "Scoones, Dan"]
[Result "1/2-1/2"]
[WhiteElo "1963"]
[BlackElo "2308"]
[PlyCount "43"]
[EventDate "2003.08.30"]
[EventType "swiss"]
[EventRounds "6"]
[EventCountry "CAN"]

1. d4 Nf6 2. c4 g6 3. Nc3 d5 4. cxd5 Nxd5 5. e4 Nxc3 6. bxc3 Bg7 7. Be3 c5 8.
Qd2 Qa5 9. Rd1 Nc6 10. Be2 O-O 11. Nf3 Bg4 12. O-O Rfd8 13. Qb2 cxd4 14. cxd4
Qb4 15. Qxb4 Nxb4 16. Rd2 Nc6 17. Rfd1 b6 18. h3 Bxf3 19. gxf3 f5 20. d5 Na5
21. Rc2 Bf6 22. Ba6 1/2-1/2

[Event "Labour Day op"]
[Site "Victoria CAN"]
[Date "2003.09.01"]
[Round "6"]
[White "Stanford, Mike"]
[Black "Wu, Howard"]
[Result "1-0"]
[WhiteElo "2182"]
[BlackElo "2209"]
[PlyCount "73"]
[EventDate "2003.08.30"]
[EventType "swiss"]
[EventRounds "6"]
[EventCountry "CAN"]

1. e4 c5 2. Nf3 d6 3. d4 cxd4 4. Nxd4 Nf6 5. Nc3 g6 6. Be3 Bg7 7. f3 O-O 8. Qd2
Nc6 9. Bc4 Bd7 10. O-O-O Rc8 11. Bb3 Ne5 12. Bg5 Rc5 13. Rhe1 Qa5 14. f4 Nc6
15. Nf3 Rxc3 16. Qxc3 Qxc3 17. bxc3 Ng4 18. h3 Nh6 19. e5 Bc8 20. exd6 exd6 21.
Rxd6 Nf5 22. Rd3 h6 23. Bh4 h5 24. Bf2 b6 25. Ng5 Na5 26. Bd4 Nxd4 27. cxd4 Bf5
28. Rd2 Nxb3+ 29. axb3 Rd8 30. c3 Rc8 31. Kb2 Bh6 32. Rde2 Kg7 33. Re7 Bxg5 34.
fxg5 a5 35. Rb7 Rc6 36. Ree7 Be6 37. c4 1-0

[Event "Labour Day op"]
[Site "Victoria CAN"]
[Date "2003.09.01"]
[Round "6"]
[White "Yip, Michael"]
[Black "Goutor, Valentina"]
[Result "1-0"]
[WhiteElo "2127"]
[BlackElo "1966"]
[PlyCount "82"]
[EventDate "2003.08.30"]
[EventType "swiss"]
[EventRounds "6"]
[EventCountry "CAN"]

1. d4 Nf6 2. c4 g6 3. Nc3 Bg7 4. Nf3 O-O 5. g3 d6 6. Bg2 Nc6 7. O-O e5 8. d5
Ne7 9. e4 Nh5 10. Ne1 c5 11. Nd3 Bd7 12. Bd2 Rb8 13. a4 a5 14. Nb5 Bc8 15. Qe2
f5 16. exf5 Bxf5 17. Nc3 Nf6 18. Ne4 Nxe4 19. Bxe4 b6 20. f3 Qd7 21. Nf2 h6 22.
Kg2 Kh7 23. h4 Rf7 24. b3 Rbf8 25. g4 Bxe4 26. Nxe4 Ng8 27. Qd3 Kh8 28. Rae1
Ne7 29. Rf2 Kg8 30. Rh1 Re8 31. Kf1 Ref8 32. Ke2 Qd8 33. h5 gxh5 34. Rxh5 Ng6
35. Ng5 Rf6 36. Ne6 Rxe6 37. dxe6 Nf4+ 38. Bxf4 Rxf4 39. Rfh2 Qe7 40. Rxh6 Bxh6
41. Rxh6 Qg7 1-0

[Event "Lanaudiere op"]
[Site "Repentigny CAN"]
[Date "2003.10.17"]
[Round "1"]
[White "Bolduc, Steve"]
[Black "Cloutier, Mario"]
[Result "1/2-1/2"]
[WhiteElo "2328"]
[BlackElo "2052"]
[PlyCount "98"]
[EventDate "2003.10.17"]
[EventType "swiss"]
[EventRounds "5"]
[EventCountry "CAN"]

1. d4 d5 2. c4 c6 3. Nf3 Nf6 4. e3 a6 5. a4 e6 6. Nc3 Nbd7 7. Bd3 Be7 8. O-O
O-O 9. Re1 dxc4 10. Bxc4 c5 11. e4 cxd4 12. Nxd4 Ne5 13. Be2 Bc5 14. Nb3 Ba7
15. Bf4 Ng6 16. Bd6 Re8 17. e5 Nd7 18. Bf3 Qg5 19. Ne4 Qh6 20. Nec5 Nxc5 21.
Nxc5 Qg5 22. Qc1 Nf4 23. g3 Nh3+ 24. Kg2 Qf5 25. Be4 Qxf2+ 26. Kxh3 f5 27. Qc2
Qd4 28. Rad1 Qb4 29. Nd7 Qa5 30. Bc7 Qb4 31. Bf3 Bxd7 32. Bd6 Qxa4 33. Qxa4
Bxa4 34. Ra1 Bb5 35. Bxb7 Rad8 36. Bxa6 Bc6 37. Rac1 Bd5 38. Bb5 g5 39. g4 f4
40. Bc6 Bf2 41. Bxd5 Bxe1 42. Bc6 Rc8 43. Kg2 Bd2 44. Rc4 Red8 45. b4 Be3 46.
b5 Bb6 47. Kf3 Kf7 48. Ra4 Rb8 49. Ra2 Rbc8 1/2-1/2

[Event "Lanaudiere op"]
[Site "Repentigny CAN"]
[Date "2003.10.18"]
[Round "2"]
[White "Rivest, Jean-Michel"]
[Black "Bolduc, Steve"]
[Result "0-1"]
[WhiteElo "1921"]
[BlackElo "2328"]
[PlyCount "84"]
[EventDate "2003.10.17"]
[EventType "swiss"]
[EventRounds "5"]
[EventCountry "CAN"]

1. e4 c5 2. Nf3 Nc6 3. d4 cxd4 4. Nxd4 g6 5. Be3 Bg7 6. Nc3 Nf6 7. Bc4 Qa5 8.
O-O O-O 9. h3 d6 10. Qd2 Nxd4 11. Bxd4 Nxe4 12. Nxe4 Qxd2 13. Nxd2 Bxd4 14. c3
Bb6 15. Rfe1 e6 16. Rad1 d5 17. Bb3 Bd7 18. c4 Bc6 19. Nf3 dxc4 20. Bxc4 Rfd8
21. Ne5 Be8 22. Kf1 Ba5 23. Rxd8 Rxd8 24. Rb1 b5 25. Bb3 Kg7 26. Rd1 Rxd1+ 27.
Bxd1 f6 28. Nd3 e5 29. Bf3 Kf7 30. Bd5+ Ke7 31. Ke2 Kd6 32. Bg8 h6 33. f4 e4
34. Nf2 f5 35. g4 Bb6 36. Nd1 Ke7 37. Ne3 Bxe3 38. Kxe3 Bf7 39. Bxf7 Kxf7 40.
a3 Ke6 41. Kd4 Kd6 42. b3 Ke6 0-1

[Event "Lanaudiere op"]
[Site "Repentigny CAN"]
[Date "2003.10.18"]
[Round "3"]
[White "Bolduc, Steve"]
[Black "Beaulieu, Eric"]
[Result "1-0"]
[WhiteElo "2328"]
[BlackElo "2222"]
[PlyCount "131"]
[EventDate "2003.10.17"]
[EventType "swiss"]
[EventRounds "5"]
[EventCountry "CAN"]

1. d4 d5 2. c4 Nc6 3. Nc3 dxc4 4. d5 Ne5 5. e4 Nf6 6. Qd4 Nd3+ 7. Bxd3 cxd3 8.
e5 Ng8 9. Nf3 e6 10. O-O exd5 11. Bg5 Be7 12. e6 f6 13. Rfe1 c6 14. Rad1 Bd6
15. Rxd3 Qb6 16. Qa4 Qb4 17. Qxb4 Bxb4 18. Bf4 Ne7 19. a3 Ng6 20. Bc7 Be7 21.
Nd4 O-O 22. Nf5 Re8 23. Rde3 Nf8 24. Ne2 Nxe6 25. Ned4 Nxc7 26. Rxe7 Kf8 27.
R1e3 Rxe7 28. Rxe7 Bxf5 29. Rxc7 Re8 30. f3 Bc8 31. Kf2 a6 32. b4 h6 33. h4 h5
34. a4 Kg8 35. a5 Kh7 36. Nb3 Kg6 37. Nc5 Rd8 38. Ke3 d4+ 39. Kd2 d3 40. Nxb7
Bxb7 41. Rxb7 Rd4 42. Rb6 Kf5 43. Rxa6 Rxb4 44. Rxc6 Rb2+ 45. Kxd3 Rxg2 46. Rc2
Rg1 47. Ra2 Kf4 48. a6 Rd1+ 49. Ke2 Rd8 50. a7 Ra8 51. Kf2 g5 52. Ra4+ Kf5 53.
Kg3 Kg6 54. Ra5 Kh6 55. Ra6 Kg6 56. hxg5 Kxg5 57. Ra5+ Kh6 58. Kh4 Kg6 59. f4
Kf7 60. Kxh5 Ke6 61. Kg6 Rg8+ 62. Kh7 Ra8 63. Kg7 f5 64. Ra6+ Kd5 65. Kf6 Rf8+
66. Ke7 1-0

[Event "Lanaudiere op"]
[Site "Repentigny CAN"]
[Date "2003.10.19"]
[Round "4"]
[White "Mikanovic, Goran"]
[Black "Bolduc, Steve"]
[Result "1-0"]
[WhiteElo "2290"]
[BlackElo "2328"]
[PlyCount "80"]
[EventDate "2003.10.17"]
[EventType "swiss"]
[EventRounds "5"]
[EventCountry "CAN"]

1. d4 d5 2. c4 dxc4 3. Nf3 Nf6 4. e3 e6 5. Bxc4 c5 6. O-O a6 7. a4 Nc6 8. Qe2
cxd4 9. Rd1 Be7 10. exd4 O-O 11. Nc3 Nd5 12. Qe4 Ncb4 13. Ne5 b6 14. Nc6 Nxc6
15. Nxd5 Bb7 16. Nxe7+ Qxe7 17. d5 Na5 18. Bd3 g6 19. Bh6 Rfe8 20. Qd4 e5 21.
Qxb6 Qd8 22. Be3 Qxb6 23. Bxb6 Nb3 24. Ra3 Bxd5 25. Bxg6 hxg6 26. Rxd5 Rac8 27.
h4 Nd4 28. Re3 Rc1+ 29. Kh2 Nc6 30. Rc3 Rxc3 31. bxc3 Re6 32. Bc5 f5 33. Rd7 e4
34. Rd6 Kf7 35. Kg3 Ne5 36. Rxe6 Kxe6 37. Bd4 Nd3 38. h5 gxh5 39. Kh4 Nf4 40.
g3 Ng2+ 1-0

[Event "Lanaudiere op"]
[Site "Repentigny CAN"]
[Date "2003.10.19"]
[Round "5"]
[White "Bolduc, Steve"]
[Black "Hua, Lefong"]
[Result "1/2-1/2"]
[WhiteElo "2328"]
[BlackElo "2338"]
[PlyCount "98"]
[EventDate "2003.10.17"]
[EventType "swiss"]
[EventRounds "5"]
[EventCountry "CAN"]

1. d4 Nf6 2. c4 c5 3. d5 e6 4. Nc3 exd5 5. cxd5 d6 6. e4 g6 7. f4 Bg7 8. Bb5+
Nbd7 9. e5 dxe5 10. fxe5 Nh5 11. e6 Qh4+ 12. g3 Nxg3 13. hxg3 Qxh1 14. Be3
Bxc3+ 15. bxc3 a6 16. exd7+ Bxd7 17. Bxd7+ Kxd7 18. Qf3 Qxf3 19. Nxf3 Rhe8 20.
Kf2 Re4 21. Bxc5 Rae8 22. Ng5 Re2+ 23. Kf3 R2e5 24. Nxh7 Rf5+ 25. Kg2 Re2+ 26.
Kg1 Kc8 27. Rd1 Rc2 28. c4 Rxc4 29. Be7 Kd7 30. d6 Rc2 31. Nf6+ Rxf6 32. Bxf6
Rxa2 33. Be5 Re2 34. Bf4 f6 35. g4 Re4 36. Bg3 f5 37. gxf5 gxf5 38. Kf2 b5 39.
Kf3 Ra4 40. Rc1 Ra3+ 41. Kg2 Rxg3+ 42. Kxg3 Kxd6 43. Kf4 Kd5 44. Ra1 Kd4 45.
Rxa6 b4 46. Rb6 Kc3 47. Ke3 f4+ 48. Kxf4 b3 49. Ke3 b2 1/2-1/2

[Event "Laval XX"]
[Site "Laval CAN"]
[Date "2003.04.11"]
[Round "1"]
[White "Laframboise, Marc-Andre"]
[Black "Jutras, Marc-Andre"]
[Result "1-0"]
[WhiteElo "2175"]
[BlackElo "1913"]
[PlyCount "79"]
[EventDate "2003.04.11"]
[EventType "swiss"]
[EventRounds "5"]
[EventCountry "CAN"]

1. d4 Nf6 2. c4 e6 3. Nc3 Bb4 4. f3 c5 5. d5 Bxc3+ 6. bxc3 d6 7. Bg5 e5 8. e4
Nbd7 9. Bd3 Qa5 10. Ne2 h6 11. Bd2 Nf8 12. O-O g5 13. h4 Rg8 14. hxg5 hxg5 15.
Qc1 N6h7 16. Kf2 f6 17. Rh1 Qc7 18. g3 Qf7 19. Qc2 Bd7 20. Rab1 Rb8 21. Qb3 Bc8
22. Qa4+ Nd7 23. Qxa7 g4 24. f4 Ng5 25. Bc2 exf4 26. gxf4 Nh3+ 27. Kg2 Qh5 28.
Ng3 Qh6 29. Ba4 b5 30. Bxb5 Rb7 31. Qa6 Kf7 32. Qxd6 Ne5 33. Rbd1 Nf3 34. Bc1
Ra7 35. a4 Nh4+ 36. Kf1 Ng6 37. f5 Ngf4 38. Bxf4 Qxf4+ 39. Qxf4 Nxf4 40. Rh7+
1-0

[Event "Laval XX"]
[Site "Laval CAN"]
[Date "2003.04.11"]
[Round "1"]
[White "Robichaud, Louis"]
[Black "Bolduc, Steve"]
[Result "0-1"]
[WhiteElo "1995"]
[BlackElo "2312"]
[PlyCount "58"]
[EventDate "2003.04.11"]
[EventType "swiss"]
[EventRounds "5"]
[EventCountry "CAN"]

1. e4 c5 2. Nc3 Nc6 3. g3 g6 4. Bg2 Bg7 5. d3 Rb8 6. f4 d6 7. Nf3 e6 8. O-O
Nge7 9. Be3 O-O 10. g4 f5 11. h3 b5 12. a3 b4 13. axb4 Rxb4 14. e5 dxe5 15.
Bxc5 Rxf4 16. gxf5 exf5 17. Ne2 Rb4 18. Bxb4 Nxb4 19. Nd2 Qc7 20. Nc3 Be6 21.
Ra3 Rd8 22. Kh1 Ned5 23. Nc4 Nf4 24. Rxf4 exf4 25. Qe2 Bf7 26. Qf2 Bxc4 27.
dxc4 Bxc3 28. Bd5+ Nxd5 29. Ra2 Bf6 0-1

[Event "Laval XX"]
[Site "Laval CAN"]
[Date "2003.04.12"]
[Round "2"]
[White "Dupont, Alain"]
[Black "Leclair, Hugues"]
[Result "0-1"]
[WhiteElo "1687"]
[BlackElo "1818"]
[PlyCount "56"]
[EventDate "2003.04.11"]
[EventType "swiss"]
[EventRounds "5"]
[EventCountry "CAN"]

1. e4 c5 2. Nf3 Nc6 3. d4 cxd4 4. Nxd4 g6 5. Be3 Bg7 6. c3 Nf6 7. f3 O-O 8. Na3
d5 9. exd5 Nxd5 10. Nxc6 bxc6 11. Bf2 Nxc3 12. Qxd8 Rxd8 13. Rc1 Nxa2 14. Rxc6
Bxb2 15. Nb1 Bf5 16. Nd2 Nb4 17. Rc7 Nc2+ 18. Kd1 Rac8 19. Rxc8 Rxc8 20. g4 Bd7
21. Nc4 Bd4 22. Kxc2 Bxf2 23. Bd3 Be6 24. Kc3 Bh4 25. Rf1 Bf6+ 26. Kb4 a5+ 27.
Nxa5 Bc3+ 28. Ka4 Ra8 0-1

[Event "Laval XX"]
[Site "Laval CAN"]
[Date "2003.04.12"]
[Round "2"]
[White "Jutras, Marc-Andre"]
[Black "Poirier, Erik"]
[Result "1/2-1/2"]
[WhiteElo "1913"]
[BlackElo "2002"]
[PlyCount "87"]
[EventDate "2003.04.11"]
[EventType "swiss"]
[EventRounds "5"]
[EventCountry "CAN"]

1. c4 e5 2. Nc3 Nc6 3. g3 g6 4. Bg2 Bg7 5. d3 Nge7 6. Rb1 d6 7. Nf3 O-O 8. O-O
h6 9. Bd2 Be6 10. b4 Qd7 11. b5 Nd8 12. Qc1 Kh7 13. Qa3 Bh3 14. Nd5 Bxg2 15.
Kxg2 Ne6 16. e3 f5 17. Bb4 g5 18. Nxc7 Nxc7 19. Bxd6 Ng6 20. Bxf8 Rxf8 21. b6
g4 22. Ne1 Qc6+ 23. f3 axb6 24. Qb3 Rf6 25. Nc2 f4 26. Nb4 Qc5 27. e4 fxg3 28.
hxg3 Qe3 29. Qd1 Bf8 30. Rb2 Bxb4 31. Rxb4 Ne6 32. Rb2 gxf3+ 33. Rxf3 Rxf3 34.
Qxf3 Qg5 35. Kh2 Nd4 36. Qf7+ Kh8 37. Rf2 Qh5+ 38. Kg1 Qd1+ 39. Kg2 Nf4+ 40.
Rxf4 exf4 41. Qf6+ Kh7 42. Qxd4 f3+ 43. Kh3 Qf1+ 44. Kg4 1/2-1/2

[Event "Laval XX"]
[Site "Laval CAN"]
[Date "2003.04.12"]
[Round "2"]
[White "Miron, Francois"]
[Black "Mikanovic, Goran"]
[Result "0-1"]
[WhiteElo "2207"]
[BlackElo "2277"]
[PlyCount "50"]
[EventDate "2003.04.11"]
[EventType "swiss"]
[EventRounds "5"]
[EventCountry "CAN"]

1. e4 c5 2. f4 g6 3. c3 Bg7 4. d3 b6 5. Be3 Bb7 6. Nd2 Nf6 7. Be2 d6 8. g4 Qc7
9. g5 Nfd7 10. h4 d5 11. Nh3 dxe4 12. dxe4 e5 13. Nc4 O-O 14. Bf3 exf4 15. Nxf4
Ne5 16. Nxe5 Bxe5 17. Nd5 Bxd5 18. exd5 Bg3+ 19. Bf2 Qd6 20. Kf1 Bxf2 21. Kxf2
Nd7 22. Qd2 Ne5 23. Rhe1 f6 24. Qe2 Nxf3 25. Kxf3 fxg5+ 0-1

[Event "Laval XX"]
[Site "Laval CAN"]
[Date "2003.04.12"]
[Round "3"]
[White "Luksza, Arkadiusz"]
[Black "Deschamps, Martin"]
[Result "1-0"]
[WhiteElo "2227"]
[BlackElo "1907"]
[PlyCount "117"]
[EventDate "2003.04.11"]
[EventType "swiss"]
[EventRounds "5"]
[EventCountry "CAN"]

1. Nf3 c5 2. c4 Nc6 3. Nc3 Nf6 4. g3 g6 5. Bg2 Bg7 6. O-O d5 7. d4 cxd4 8. Nxd4
e6 9. cxd5 Nxd5 10. Nxc6 bxc6 11. Nxd5 cxd5 12. e4 Bb7 13. exd5 Bxd5 14. Qa4+
Qd7 15. Qxd7+ Kxd7 16. Rd1 Kc6 17. Bf4 Bxb2 18. Rab1 Bxg2 19. Rxb2 Bd5 20. Rc1+
Kd7 21. Rc7+ Kd8 22. Rxf7 e5 23. Bg5+ Kc8 24. Re7 Rf8 25. Rc2+ Kb8 26. Rxe5 Rf5
27. Re8+ Kb7 28. Re7+ Ka6 29. Be3 Rf7 30. Rxf7 Bxf7 31. Rc7 Bxa2 32. Rxh7 Bd5
33. Rg7 Be4 34. h3 Bf5 35. g4 Be4 36. Kh2 Kb5 37. Bxa7 Kc6 38. Kg3 Kd5 39. Re7
Rf8 40. Be3 Rf3+ 41. Kh4 Bc2 42. Re8 Bb1 43. Rh8 Ke6 44. Kg5 Kf7 45. h4 Bd3 46.
Rh7+ Kg8 47. Rd7 Bc2 48. Rd6 Kf7 49. Rc6 Be4 50. Rc7+ Ke8 51. Rg7 Rh3 52. Bc5
Bc2 53. Re7+ Kd8 54. Re3 Rxe3 55. fxe3 Ke8 56. Kf6 Be4 57. h5 Bd3 58. h6 g5 59.
Kg7 1-0

[Event "Laval XX"]
[Site "Laval CAN"]
[Date "2003.04.12"]
[Round "3"]
[White "Mikanovic, Goran"]
[Black "Bolduc, Steve"]
[Result "1-0"]
[WhiteElo "2277"]
[BlackElo "2312"]
[PlyCount "67"]
[EventDate "2003.04.11"]
[EventType "swiss"]
[EventRounds "5"]
[EventCountry "CAN"]

1. d4 d5 2. c4 e6 3. Nf3 Nf6 4. Nc3 Be7 5. Bg5 h6 6. Bh4 O-O 7. e3 Ne4 8. Bxe7
Qxe7 9. Rc1 Nxc3 10. Rxc3 c6 11. Bd3 dxc4 12. Bxc4 b6 13. O-O Bb7 14. Qe2 Nd7
15. Ba6 Bxa6 16. Qxa6 c5 17. Rd1 cxd4 18. Rxd4 Nc5 19. Qe2 Rad8 20. b4 Rxd4 21.
Nxd4 Ne4 22. Nc6 Qf6 23. Rc1 Ra8 24. Qc2 Nd6 25. Qd3 Nf5 26. Rd1 Ne7 27. b5 a6
28. Qd7 Nd5 29. Qb7 Re8 30. bxa6 Nc3 31. Rf1 Ne2+ 32. Kh1 Qc3 33. a7 Qc4 34.
a8=Q 1-0